न्यायमूर्ती (Record no. 1251621)

MARC details
000 -LEADER
fixed length control field 00608nam a2200193Ia 4500
008 - FIXED-LENGTH DATA ELEMENTS--GENERAL INFORMATION
fixed length control field 151121s9999||||xx |||||||||||||| ||und||
082 ## - DEWEY DECIMAL CLASSIFICATION NUMBER
Classification number 813/वाईक
082 ## - DEWEY DECIMAL CLASSIFICATION NUMBER
Item number HNW-70146
100 ## - MAIN ENTRY--PERSONAL NAME
Personal name वाईकर गजानन
245 ## - TITLE STATEMENT
Title न्यायमूर्ती
260 ## - PUBLICATION, DISTRIBUTION, ETC. (IMPRINT)
Name of publisher, distributor, etc "सूर्याक्षरविविधा, पुणे।"
260 ## - PUBLICATION, DISTRIBUTION, ETC. (IMPRINT)
Date of publication, distribution, etc --
300 ## - PHYSICAL DESCRIPTION
Extent 92
600 ## - SUBJECT ADDED ENTRY--PERSONAL NAME
Personal name वाईकर गजानन
630 ## - SUBJECT ADDED ENTRY--UNIFORM TITLE
Uniform title न्यायमूर्ती
700 ## - ADDED ENTRY--PERSONAL NAME
Personal name वाईकर गजानन
730 ## - ADDED ENTRY--UNIFORM TITLE
Uniform title न्यायमूर्ती
942 ## - ADDED ENTRY ELEMENTS (KOHA)
Koha item type Book
Holdings
Withdrawn status Lost status Damaged status Not for loan Home library Current library Date acquired Cost, normal purchase price Total Checkouts Full call number Barcode Date last seen Cost, replacement price Price effective from Koha item type
        Hirachand Nemchand Wachanalaya, Solapur Hirachand Nemchand Wachanalaya, Solapur 11/21/2015 57.00   HNW-70146 HNW-70146 11/21/2015 57.00 11/21/2015 Book